Cell, tissue and disease

The book has been written with the latter objective particularly in mind and this new edition gives a thorough grounding in the scientific basic of pathology, whist recognizing the need to link this with clinical conditions. This book will prove to be invaluable to the medical undergraduate in pre-c...

全面介绍

Đã lưu trong:
书目详细资料
主要作者: Neville Woolf
格式: 图书
语言:Undetermined
出版: London
主题:
标签: 添加标签
没有标签, 成为第一个标记此记录!
Thư viện lưu trữ: Trung tâm Học liệu Trường Đại học Cần Thơ
LEADER 00897nam a2200181Ia 4500
001 CTU_14764
008 210402s9999 xx 000 0 und d
020 |b 49df 
082 |a 616.007 
082 |b W913 
100 |a Neville Woolf 
245 0 |a Cell, tissue and disease 
245 0 |c Neville Woolf 
260 |a London 
520 |a The book has been written with the latter objective particularly in mind and this new edition gives a thorough grounding in the scientific basic of pathology, whist recognizing the need to link this with clinical conditions. This book will prove to be invaluable to the medical undergraduate in pre-clinical and clinical years, and will also be useful for the cardidate reading for Part I of Membership or Fellowship examinations 
650 |a pathology 
904 |i Nguyễn Quang Điền, 970107 
980 |a Trung tâm Học liệu Trường Đại học Cần Thơ